The Riemann problem for the transportation equations in gas dynamics

Αποθηκεύτηκε σε:
Λεπτομέρειες βιβλιογραφικής εγγραφής
Κύριος συγγραφέας: Sheng, Wancheng 1963-
Άλλοι συγγραφείς: Zhang, Tong 1932-
Μορφή: Βιβλίο
Γλώσσα:English
Δημοσίευση: Providence, Rhode island : American Mathematical Society, c1999
Σειρά:Memoirs of the American Mathematical Society ; ; 654
Θέματα:
Ετικέτες: Προσθήκη ετικέτας
Δεν υπάρχουν, Καταχωρήστε ετικέτα πρώτοι!

MARC

LEADER 00000nam a2200000 i 4500
001 1/91469
008 991019s1999 eng d
020 |a 0821809474 
035 |l 10053606 
040 |a GR-MY-UA  |b gre  |e aacr 
041 0 |a eng 
082 0 |a 515.353 
100 1 |a Sheng, Wancheng  |d 1963- 
245 1 4 |a The Riemann problem for the transportation equations in gas dynamics /  |c Wancheng Sheng, Tong Zhang 
260 |a Providence, Rhode island :   |b American Mathematical Society,   |c c1999 
300 |a viii, 81 p.;  |c 26 cm. 
490 1 |a Memoirs of the American Mathematical Society  |v ; 654 
500 |a Includes bibliographical references 
500 |a Volume 137, number 654 (third of 6 numbers) 
650 0 0 |a Gas dynamics. 
650 0 0 |a Conservation laws (Mathematics) 
650 0 0 |a Riemann-Hilbert problems. 
700 1 |a Zhang, Tong  |d 1932- 
830 0 |a Memoirs of the American Mathematical Society ;  |v ; 654 
852 |a INST  |b SAMOS  |e 19991019  |h 515.353 SHE  |p 005300012475  |q 005300012475  |t BK  |y 0 
901 |a BIBL3-1999-3 
909 |a Σ  |b 063299 
922 |a 3ΕΛΗ  |b 199907  |c ΕΠΕΑΕΚ/ΜΑΘ  |d ΠΑΠΑΣΩΤΗΡΙΟΥ 
970 |a ΓΕΝΟΥΖΟΥ  |b ΧΡΥΣΑΝΘΗ  |z 1999/10/18